书目信息 |
| 题名: |
教育法学与教师职业道德
|
|
| 作者: | 邓卫东 主编 | |
| 分册: | ||
| 出版信息: | 天津 南开大学出版社 2013.09 |
|
| 页数: | 189页 | |
| 开本: | 26cm | |
| 丛书名: | ||
| 单 册: | ||
| 中图分类: | D922.161 , G451.6 | |
| 科图分类: | ||
| 主题词: | 教育法--法的理论--幼儿师范学校--教材 , 教师--职业道德--幼儿师范学校--教材 , 教育法 , 法的理论 , 教师 , 职业道德 | |
| 电子资源: | ||
| ISBN: | 978-7-310-04292-0 | |
| 000 | 01173nam0 2200325 450 | |
| 001 | 0120131140732 | |
| 005 | 20160606170052.65 | |
| 010 | @a978-7-310-04292-0@dCNY25.00 | |
| 100 | @a20130930d2013 em y0chiy0110 ea | |
| 101 | 0 | @achi |
| 102 | @aCN@b120000 | |
| 105 | @ak z 000yy | |
| 106 | @ar | |
| 200 | 1 | @a教育法学与教师职业道德@9jiao yu fa xue yu jiao shi zhi ye dao de@f邓卫东主编 |
| 210 | @a天津@c南开大学出版社@d2013.09 | |
| 215 | @a189页@d26cm | |
| 300 | @a全国学前教育专业“十二五”系列规划教材 公共课 | |
| 330 | @a本教材设置了丰富的章节栏目,“学习目标”将本章的学习任务和知识点加以说明,“案例导入”为与本章内容相关的案例,“热点探究”设置了本课相关的问题,可由任课教师安排课堂讨论;在每一节中,为同学们提供了很多名人名言、法条精选,“延伸阅读”等。 | |
| 333 | @a全国学前教育专业师生 | |
| 606 | 0 | @a教育法@x法的理论@x幼儿师范学校@j教材 |
| 606 | 0 | @a教师@x职业道德@x幼儿师范学校@j教材 |
| 606 | 0 | @a教育法 |
| 606 | 0 | @a法的理论 |
| 606 | 0 | @a教师 |
| 606 | 0 | @a职业道德 |
| 690 | @aD922.161@v5 | |
| 690 | @aG451.6@v5 | |
| 701 | 0 | @a邓卫东@9deng wei dong@4主编 |
| 801 | 0 | @aCN@b人天书店@c20130930 |
| 905 | @b878260-65@dD922.161@e1276@f6 | |
| 教育法学与教师职业道德/邓卫东主编.-天津:南开大学出版社,2013.09 |
| 189页;26cm |
| 全国学前教育专业“十二五”系列规划教材 公共课.-使用对象:全国学前教育专业师生 |
| ISBN 978-7-310-04292-0:CNY25.00 |
| 本教材设置了丰富的章节栏目,“学习目标”将本章的学习任务和知识点加以说明,“案例导入”为与本章内容相关的案例,“热点探究”设置了本课相关的问题,可由任课教师安排课堂讨论;在每一节中,为同学们提供了很多名人名言、法条精选,“延伸阅读”等。 |
| ● |
| 相关链接 |
|
|
|
|
正题名:教育法学与教师职业道德
索取号:D922.161/1276
 
预约/预借
| 序号 | 登录号 | 条形码 | 馆藏地/架位号 | 状态 | 备注 |
| 1 | 878260 | 208782600 | 第一样本阅览室/ [索取号:D922.161/1276] | 在馆 | |
| 2 | 878261 | 208782619 | 教育系资料室/ [索取号:D922.161/1276] | 在馆 | |
| 3 | 878262 | 208782628 | 教育系资料室/ [索取号:D922.161/1276] | 在馆 | |
| 4 | 878263 | 208782637 | 教育系资料室/ [索取号:D922.161/1276] | 在馆 | |
| 5 | 878264 | 208782646 | 第一借阅区/ [索取号:D922.161/1276] | 在馆 | |
| 6 | 878265 | 208782655 | 第一借阅区/ [索取号:D922.161/1276] | 在馆 |